| 000 | 01660cam a22003374a 4500 | ||
|---|---|---|---|
| 001 | 14735782 | ||
| 003 | OSt | ||
| 005 | 20180117085946.0 | ||
| 008 | 070215s2007 nyuab b 001 0 eng | ||
| 010 | _a 2007271322 | ||
| 020 | _a9780471794684 (alk. paper) | ||
| 040 |
_aDLC _cDLC _dDLC |
||
| 050 | 0 | 0 |
_aHF1411 _b.S239 2007 |
| 100 | 1 | _aSalvatore, Dominick. | |
| 245 | 1 | 0 |
_aInternational economics / _cDominick Salvatore. |
| 250 | _a9th ed. | ||
| 260 |
_a[New York] : _bJ. Wiley, _cc2007. |
||
| 300 |
_axxvi, 838 p. : _bill. (some col.), col. map ; _c25 cm. |
||
| 500 | _aMap on lining paper. | ||
| 504 | _aIncludes bibliographical references and index. | ||
| 650 | 0 | _aInternational economic relations. | |
| 856 | 4 | 2 |
_3Publisher description _uhttp://www.loc.gov/catdir/enhancements/fy0814/2007271322-d.html |
| 856 | 4 | 1 |
_3Table of contents only _uhttp://www.loc.gov/catdir/enhancements/fy0814/2007271322-t.html |
| 906 |
_a7 _bcbc _corigcop _d3 _encip _f20 _gy-gencatlg |
||
| 942 |
_2ddc _cBK |
||
| 999 |
_c2634 _d2634 |
||